[Event "Tournoi Skype 027B"]
[Site "Skype"]
[Date "????.??.??"]
[Round "5.42"]
[White "Clayton, Estelita"]
[Black "Ramirez, Luis Antonio"]
[Result "1/2-1/2"]
[WhiteElo "1001"]
[BlackElo "1082"]
[PlyCount "139"]

1. d4 d5 2. Bf4 Nc6 3. Nc3 Nf6 4. Nf3 g6 5. Nb5 e5 6. Nxe5 Bd6 7. Nxc6 bxc6 8.
Bxd6 cxd6 9. Nc3 O-O 10. h3 Qc7 11. Qd2 Kg7 12. O-O-O a5 13. Na4 Ne4 14. Qe1 c5
15. e3 Bd7 16. Bd3 Bxa4 17. Bxe4 dxe4 18. Qc3 Kg8 19. dxc5 dxc5 20. Rd5 Bc6 21.
Rxc5 Qb6 22. Rxc6 Qb4 23. Qxb4 axb4 24. Kb1 Rfb8 25. Rc4 Ra4 26. Rxe4 Rba8 27.
a3 Rb8 28. Rd1 Rb7 29. Rd8+ Kg7 30. Rdd4 Ra6 31. Rxb4 Rd7 32. Kc1 Rad6 33. Red4
Rxd4 34. Rxd4 Ra7 35. c3 f5 36. a4 h5 37. b3 Kh6 38. h4 Rg7 39. Rd8 Kh7 40. Kb2
g5 41. Rf8 gxh4 42. Rxf5 Kg6 43. Rd5 Kf6 44. Rxh5 Kg6 45. Rxh4 Kg5 46. Rh3 Rf7
47. Rf3 Rd7 48. Kc2 Rh7 49. g3 Kg4 50. Rf4+ Kh3 51. Rh4+ Rxh4 52. gxh4 Kxh4 53.
a5 Kg4 54. a6 Kf3 55. a7 Kxf2 56. a8=Q Kxe3 57. Qa7+ Ke4 58. Qe7+ Kd5 59. Kd3
Kc6 60. Qe6+ Kb5 61. Qc4+ Kb6 62. b4 Kb7 63. Kd4 Kb6 64. Kd5 Kb7 65. Kd6 Kb8
66. Kd7 Kb7 67. Qc7+ Ka6 68. Qc6+ Ka7 69. b5 Kb8 70. b6 1/2-1/2

[Event "Tournoi Skype 027B"]
[Site "Skype"]
[Date "????.??.??"]
[Round "5.43"]
[White "Berbedes, Jorgelina"]
[Black "Solis Treminio, Jose Antonio"]
[Result "1-0"]
[WhiteElo "1074"]
[BlackElo "1000"]
[PlyCount "53"]

1. e4 e6 2. d4 d5 3. e5 g6 4. Nc3 Bg7 5. Nf3 Ne7 6. Bb5+ c6 7. Bd3 Na6 8. O-O
O-O 9. Bg5 Nf5 10. Bxd8 Rxd8 11. g4 Nb4 12. gxf5 Bd7 13. fxg6 fxg6 14. Ng5 Bh6
15. f4 Kf8 16. Nxh7+ Kg8 17. Bxg6 Be8 18. Qh5 Nxc2 19. Nf6+ Kg7 20. Rac1 Nxd4
21. Nxe8+ Kg8 22. Qxh6 Ne2+ 23. Nxe2 d4 24. Qh7+ Kf8 25. Ng3 d3 26. f5 Rac8 27.
fxe6# 1-0

[Event "Tournoi Skype 027B"]
[Site "Skype"]
[Date "????.??.??"]
[Round "5.44"]
[White "Rodriguez Tovar, Liliana"]
[Black "Barrionuevo, Hilario"]
[Result "0-1"]
[WhiteElo "1000"]
[BlackElo "1058"]
[PlyCount "68"]

1. e4 e5 2. Nf3 Nc6 3. Bc4 Nd4 4. d3 Bb4+ 5. c3 Ba5 6. Nbd2 Nxf3+ 7. Nxf3 d6 8.
Bg5 f6 9. Bh4 Bg4 10. b4 Bb6 11. Bxg8 Rxg8 12. O-O g5 13. Bg3 h5 14. h3 h4 15.
hxg4 hxg3 16. Qd2 Qd7 17. Qe2 Qxg4 18. d4 Rh8 19. fxg3 Qh5 20. Kf2 exd4 21. Rh1
dxc3+ 22. Qe3 Bxe3+ 23. Kxe3 Qg4 24. Rxh8+ Kd7 25. Rxa8 Qxg3 26. Rxa7 Qf4+ 27.
Kd3 d5 28. Rxb7 dxe4+ 29. Kxc3 exf3 30. gxf3 Qxf3+ 31. Kc4 Qxb7 32. Rd1+ Kc8
33. a4 Qc6+ 34. Kb3 Qf3+ 0-1

[Event "Tournoi Skype 027B"]
[Site "Skype"]
[Date "????.??.??"]
[Round "5.45"]
[White "Hampton, Irene"]
[Black "Conde, Abigail"]
[Result "0-1"]
[WhiteElo "1000"]
[BlackElo "1196"]
[PlyCount "60"]

1. d4 d5 2. Bf4 e6 3. Nf3 Nd7 4. e3 a6 5. c3 c5 6. Be2 c4 7. O-O Ngf6 8. h3 h6
9. Nbd2 Be7 10. e4 dxe4 11. Ne5 O-O 12. Nexc4 b5 13. Ne5 Bb7 14. Qc2 Nb6 15. f3
Nfd7 16. Ng4 f5 17. Nxh6+ gxh6 18. Bxh6 Rf6 19. Bf4 Nd5 20. Bg3 Ne3 21. Qc1 Rg6
22. Kh2 Nxf1+ 23. Qxf1 e3 24. Nb3 Bh4 25. f4 Rxg3 26. Nc5 Nxc5 27. dxc5 Bxg2
28. Qe1 Qd5 29. b3 Rxh3+ 30. Kg1 Rh1# 0-1

[Event "Tournoi Skype 027B"]
[Site "Skype"]
[Date "????.??.??"]
[Round "5.46"]
[White "Mimouni, Driss"]
[Black "Marty, Yvette"]
[Result "1-0"]
[WhiteElo "1095"]
[BlackElo "1000"]
[PlyCount "27"]

1. c4 g6 2. e4 Bg7 3. d4 Bxd4 4. Qxd4 Nf6 5. e5 Ng8 6. Nf3 d6 7. Bg5 b6 8. e6
fxe6 9. Qxh8 Kf7 10. Qxh7+ Kf8 11. Bd3 Nc6 12. Bxg6 Ne5 13. Nxe5 dxe5 14. Qf7#
1-0

[Event "Tournoi Skype 027B"]
[Site "Skype"]
[Date "????.??.??"]
[Round "5.47"]
[White "Trolese, Caterina"]
[Black "Rodriguez, Gisselle"]
[Result "1-0"]
[WhiteElo "1040"]
[BlackElo "1000"]
[PlyCount "71"]

1. e4 e5 2. Bc4 c6 3. d3 d6 4. Nf3 f5 5. Bg5 Be7 6. Bxe7 Qxe7 7. O-O Nf6 8. Nc3
Bd7 9. d4 Na6 10. a3 Rc8 11. d5 cxd5 12. Bxd5 Nxd5 13. Nxd5 Qe6 14. Re1 Rf8 15.
Ng5 Qh6 16. Nf3 Rc5 17. Qd3 Rf6 18. Nxf6+ Qxf6 19. b4 Rc6 20. Rac1 h5 21. exf5
Bxf5 22. Qd5 g6 23. b5 Rb6 24. bxa6 Rxa6 25. Qxb7 Rxa3 26. Qb8+ Qd8 27. Qb5+
Bd7 28. Qb3 e4 29. Qxa3 Bg4 30. Rxe4+ Kf7 31. Qb3+ Be6 32. Qxe6+ Kf8 33. Rf4+
Kg7 34. Qf7+ Kh6 35. Nh4 g5 36. Qg6# 1-0

[Event "Tournoi Skype 027B"]
[Site "Skype"]
[Date "????.??.??"]
[Round "6.1"]
[White "Babar, Ganesh"]
[Black "Cayllahua, Braulio Idme"]
[Result "1-0"]
[WhiteElo "1000"]
[BlackElo "1489"]
[PlyCount "39"]

1. e4 d5 2. exd5 Qxd5 3. Nc3 Qd8 4. Be2 c6 5. d3 Bf5 6. Nf3 Nf6 7. Bf4 e6 8. h3
h6 9. g4 Bh7 10. Bg3 Qa5 11. Qd2 Bb4 12. Rb1 Nd5 13. O-O b5 14. Nd4 Nxc3 15.
bxc3 Bxc3 16. Qe3 Qb6 17. Nxe6 Qxe3 18. Nc7+ Kd7 19. fxe3 Na6 20. Rxf7+ 1-0

[Event "Tournoi Skype 027B"]
[Site "Skype"]
[Date "????.??.??"]
[Round "6.2"]
[White "Franco, Yolima"]
[Black "Cayo, Ana Carolina"]
[Result "0-1"]
[WhiteElo "1408"]
[BlackElo "1410"]
[PlyCount "32"]

1. Nf3 d5 2. g3 Nf6 3. Bg2 Bf5 4. O-O e6 5. d3 Be7 6. Bf4 h6 7. Nbd2 Nbd7 8.
Nd4 Bg6 9. c4 e5 10. Bxe5 Nxe5 11. cxd5 Nxd5 12. Qb3 Nb6 13. Bxb7 Qxd4 14. Bxa8
Nxa8 15. Rac1 O-O 16. Rxc7 Nxc7 0-1

[Event "Tournoi Skype 027B"]
[Site "Skype"]
[Date "????.??.??"]
[Round "6.4"]
[White "Pasasin, Alejandro"]
[Black "Amato, Ludovica"]
[Result "1-0"]
[WhiteElo "1251"]
[BlackElo "1402"]
[PlyCount "115"]

1. d4 d5 2. c4 c6 3. Nc3 dxc4 4. Nf3 b5 5. a3 Nf6 6. Bf4 h6 7. e4 Bg4 8. Be2
Nbd7 9. O-O e6 10. Qd2 Be7 11. h3 Bh5 12. Rfe1 O-O 13. Ne5 Nxe5 14. Bxe5 Bg6
15. Bf3 a6 16. Rad1 Qb6 17. d5 cxd5 18. exd5 exd5 19. Nxd5 Nxd5 20. Bxd5 Rad8
21. Qc3 Bf6 22. Bxf6 Qxf6 23. Qxf6 gxf6 24. Rd4 Bf5 25. g4 Be6 26. Red1 Bxd5
27. Rxd5 Rxd5 28. Rxd5 Re8 29. Kf1 Kg7 30. Rd6 Re6 31. Rd7 Kf8 32. Kg2 Ke8 33.
Ra7 Rd6 34. Kg3 Kf8 35. h4 Kg7 36. f3 Rd2 37. Rxa6 Rxb2 38. Rc6 Rb3 39. a4 bxa4
40. Rxc4 Ra3 41. Kf4 Kf8 42. Ke4 Ke7 43. f4 Kd6 44. Kf5 Kd5 45. Rb4 Kc5 46. Re4
Kb5 47. Kxf6 Rc3 48. Kxf7 a3 49. Re1 Kb4 50. f5 Kb3 51. f6 a2 52. Kg7 Kb2 53.
f7 Rc7 54. g5 hxg5 55. hxg5 a1=Q 56. Rxa1 Kxa1 57. g6 Kb2 58. Kg8 1-0

[Event "Tournoi Skype 027B"]
[Site "Skype"]
[Date "????.??.??"]
[Round "6.5"]
[White "Munoz Gonzalez, Martin"]
[Black "Meza, Rafael"]
[Result "0-1"]
[WhiteElo "1393"]
[BlackElo "1000"]
[PlyCount "100"]

1. d4 e6 2. Nf3 Nf6 3. e3 c5 4. Bd3 d5 5. O-O c4 6. Be2 b5 7. a3 Bd7 8. Nbd2
Bd6 9. c3 Qc7 10. h3 Na6 11. Qc2 O-O 12. e4 Nxe4 13. Nxe4 dxe4 14. Qxe4 Bc6 15.
Qh4 Bxf3 16. Bxf3 Rae8 17. Be4 f5 18. Bf3 Kh8 19. Bh5 Rb8 20. Bg6 h6 21. Bxh6
gxh6 22. Qxh6+ Kg8 23. Rae1 Bh2+ 24. Kh1 Rf6 25. Bh7+ Kf7 26. Qh5+ Kf8 27. g3
Qg7 28. Bxf5 Rxf5 29. Qg4 Bxg3 30. Qxg7+ Kxg7 31. fxg3 Rxf1+ 32. Rxf1 Rh8 33.
h4 Rh5 34. Kg2 e5 35. dxe5 Rxe5 36. Rf2 Nc5 37. Kh3 Nd3 38. Rd2 Re1 39. Kg4 Rb1
40. b4 Rc1 41. Kg5 Rxc3 42. Ra2 Nc1 43. Ra1 Rxg3+ 44. Kf5 Nb3 45. Ra2 Nd4+ 46.
Ke5 Rg4 47. Kd5 c3 48. Ra1 Nb3 49. Ra2 Rd4+ 50. Ke5 Rd2 0-1

[Event "Tournoi Skype 027B"]
[Site "Skype"]
[Date "????.??.??"]
[Round "6.6"]
[White "Zequeda, Javier"]
[Black "Battaglia, Gabriele"]
[Result "1-0"]
[WhiteElo "1000"]
[BlackElo "1308"]
[PlyCount "99"]

1. d4 Nf6 2. c4 g6 3. Nc3 Bg7 4. e4 d6 5. Nf3 O-O 6. h3 Nbd7 7. Be2 c5 8. Be3
b6 9. O-O Bb7 10. d5 Ne8 11. Qd2 Nc7 12. Bh6 e6 13. Bxg7 Kxg7 14. dxe6 Nf6 15.
exf7 Rxf7 16. Ng5 Re7 17. Bd3 Re5 18. f4 Re8 19. f5 Re5 20. fxg6 hxg6 21. Qf4
Ne6 22. Nxe6+ Rxe6 23. Rae1 Qe7 24. Nd5 Nxd5 25. cxd5 Rf6 26. Qg3 Raf8 27. Rxf6
Rxf6 28. e5 dxe5 29. Rxe5 Qd6 30. Be4 Bc8 31. h4 Bg4 32. Kh2 Bh5 33. Qg5 Rf2
34. Kh3 Re2 35. Re6 Qd7 36. Qf6+ Kh6 37. Qh8+ Qh7 38. Qf8+ Qg7 39. Qf4+ Kh7 40.
g4 Qxb2 41. gxh5 Qc3+ 42. Bf3 Rxe6 43. dxe6 Qg7 44. Be4 Kg8 45. hxg6 Qe7 46.
Qf7+ Qxf7 47. gxf7+ Kf8 48. h5 c4 49. h6 c3 50. h7 1-0

[Event "Tournoi Skype 027B"]
[Site "Skype"]
[Date "????.??.??"]
[Round "6.7"]
[White "Farfallini, Michel"]
[Black "Sharma, Akash"]
[Result "0-1"]
[WhiteElo "1304"]
[BlackElo "1000"]
[PlyCount "42"]

1. e4 e5 2. Nf3 Nf6 3. Nxe5 d6 4. Nf3 Nxe4 5. d3 Nf6 6. Bg5 Be7 7. Nc3 O-O 8.
g3 Nc6 9. Bg2 Bg4 10. O-O Qd7 11. Ne2 Qf5 12. Nf4 Bxf3 13. Qxf3 Qxg5 14. Rfe1
Rfe8 15. c4 Rab8 16. Qe3 a6 17. Qd2 Ne5 18. b3 c6 19. d4 Ng6 20. Qe3 Bf8 21.
Ne6 Qxe3 0-1

[Event "Tournoi Skype 027B"]
[Site "Skype"]
[Date "????.??.??"]
[Round "6.8"]
[White "Thavorath, Nirandas"]
[Black "Gerbaux, Regis"]
[Result "1-0"]
[WhiteElo "1000"]
[BlackElo "1334"]
[PlyCount "51"]

1. e4 c6 2. d4 d5 3. Nc3 Nf6 4. e5 Ne4 5. Bd3 Nxc3 6. bxc3 g6 7. Nf3 Bg7 8. Bg5
O-O 9. O-O f6 10. Bh4 Bg4 11. e6 Bxe6 12. Qe2 Qd7 13. Rfe1 Bf7 14. c4 b6 15.
cxd5 cxd5 16. Bb5 Nc6 17. Rad1 Rfe8 18. c4 e6 19. Qc2 Rac8 20. cxd5 exd5 21.
Rc1 Re6 22. Rxe6 Bxe6 23. Bxc6 Qe7 24. Qe2 Qf7 25. Qe3 Bh6 26. Qxh6 1-0

[Event "Tournoi Skype 027B"]
[Site "Skype"]
[Date "????.??.??"]
[Round "6.9"]
[White "Abate, Leonardo"]
[Black "Montilla Bejarano, Carmen"]
[Result "1-0"]
[WhiteElo "1000"]
[BlackElo "1077"]
[PlyCount "27"]

1. Nf3 e6 2. e4 d6 3. d4 g6 4. Be2 Bg7 5. O-O Nd7 6. Bf4 Qf6 7. Bg5 Qxg5 8.
Nxg5 Nh6 9. c3 b6 10. Bf3 Bb7 11. e5 d5 12. Re1 O-O-O 13. Nd2 Ng8 14. Nxf7 1-0

[Event "Tournoi Skype 027B"]
[Site "Skype"]
[Date "????.??.??"]
[Round "6.10"]
[White "Simone, Vale"]
[Black "Luunge, Abdi"]
[Result "0-1"]
[WhiteElo "1453"]
[BlackElo "1285"]
[PlyCount "102"]

1. Nf3 c5 2. c4 Nc6 3. Nc3 e5 4. g3 d6 5. Bg2 h6 6. d3 Nf6 7. O-O Be7 8. Bd2
O-O 9. a3 Be6 10. e3 Qd7 11. Re1 a6 12. Nh4 d5 13. cxd5 Bxd5 14. Nxd5 Nxd5 15.
Qf3 Bxh4 16. Qxd5 Qxd5 17. Bxd5 Ne7 18. Bxb7 Rab8 19. Bxa6 Bf6 20. Rab1 Rfd8
21. e4 Nc6 22. Rec1 Be7 23. Be3 Rb6 24. Bc4 Nb8 25. Rc3 Nd7 26. Rb3 Rxb3 27.
Bxb3 Nf6 28. Rc1 Rxd3 29. Bc2 Rd8 30. a4 c4 31. a5 Ra8 32. Ra1 Bb4 33. a6 c3
34. bxc3 Bxc3 35. Ra3 Bd4 36. Bxd4 exd4 37. a7 Ne8 38. e5 Nc7 39. Be4 Rd8 40.
a8=Q Nxa8 41. Bxa8 d3 42. Bf3 d2 43. Bd1 Kf8 44. Kf1 Ke7 45. Ke2 Ke6 46. f4 f6
47. exf6 Kxf6 48. Rd3 Rxd3 49. Kxd3 g6 50. Kxd2 h5 51. Ke3 Kf5 0-1

[Event "Tournoi Skype 027B"]
[Site "Skype"]
[Date "????.??.??"]
[Round "6.11"]
[White "Conde, Carmen"]
[Black "Lopes, Marcia Maria"]
[Result "0-1"]
[WhiteElo "1214"]
[BlackElo "1363"]
[PlyCount "56"]

1. c4 c6 2. d4 Nf6 3. Nc3 d5 4. e3 Bf5 5. h3 h6 6. Nf3 e6 7. a3 Be7 8. Be2 O-O
9. O-O Nbd7 10. b4 Qc7 11. Bb2 e5 12. dxe5 Nxe5 13. Nxe5 Qxe5 14. c5 Rfd8 15.
Qd2 Qc7 16. Bf3 Ne4 17. Nxe4 dxe4 18. Qc2 exf3 19. Qxf5 fxg2 20. Be5 Qd7 21.
Rfd1 Qxf5 22. Kxg2 Qxe5 23. Re1 Bf6 24. Rab1 Qc3 25. a4 Rd2 26. Kf3 Bh4 27. Rg1
Rxf2+ 28. Kg4 Qc4+ 0-1

[Event "Tournoi Skype 027B"]
[Site "Skype"]
[Date "????.??.??"]
[Round "6.12"]
[White "Codina, Teresa"]
[Black "Duthoit, Bernard"]
[Result "1-0"]
[WhiteElo "1189"]
[BlackElo "1334"]
[PlyCount "64"]

1. d4 e5 2. dxe5 Nc6 3. Nf3 Qe7 4. e3 Nxe5 5. Be2 Nxf3+ 6. Bxf3 Qb4+ 7. c3 Qd6
8. O-O Qxd1 9. Rxd1 d6 10. Nd2 Be6 11. b3 Rb8 12. a4 g6 13. Bb2 Bg7 14. Re1 Nf6
15. Rac1 O-O 16. Ba1 c6 17. c4 Rfd8 18. Nf1 d5 19. Ng3 dxc4 20. bxc4 Rd7 21. c5
a5 22. h4 Bb3 23. h5 Bxa4 24. hxg6 hxg6 25. Bc3 Ra8 26. Ra1 Bb5 27. Bxa5 Nd5
28. Ra3 Bc3 29. Rxc3 Rxa5 30. Rcc1 Nc7 31. Ne4 Ne6 32. Nf6+ Kg7 1-0

[Event "Tournoi Skype 027B"]
[Site "Skype"]
[Date "????.??.??"]
[Round "6.13"]
[White "Sanchez Padilla, Armando Edilber"]
[Black "Chavez, Isidro"]
[Result "1-0"]
[WhiteElo "1321"]
[BlackElo "1192"]
[PlyCount "77"]

1. e4 Nc6 2. d4 d6 3. d5 Ne5 4. Nf3 Bg4 5. Be2 Nf6 6. Nxe5 Bxe2 7. Qxe2 dxe5 8.
Qb5+ Nd7 9. Nc3 Qc8 10. O-O a6 11. Qc4 g6 12. Be3 Bg7 13. Ne2 O-O 14. Ng3 Nf6
15. Rfe1 c6 16. dxc6 Qxc6 17. Qxc6 bxc6 18. c4 Rab8 19. b3 Rbd8 20. Bc5 Rfe8
21. h3 Rd2 22. Bb4 Rc2 23. Nf5 Bf8 24. Ne3 c5 25. Nxc2 cxb4 26. Nxb4 a5 27. Nc6
e6 28. Nxe5 Rd8 29. Rad1 Rxd1 30. Rxd1 Nxe4 31. Rd8 Nc3 32. Nd7 Nxa2 33. Rxf8+
Kg7 34. Ra8 Nc1 35. c5 Nxb3 36. c6 Nd4 37. c7 Nc6 38. c8=Q Ne7 39. Qf8# 1-0

[Event "Tournoi Skype 027B"]
[Site "Skype"]
[Date "????.??.??"]
[Round "6.14"]
[White "De Nobrega, George"]
[Black "Bustos, Ricardo"]
[Result "1-0"]
[WhiteElo "1311"]
[BlackElo "1216"]
[PlyCount "53"]

1. e4 c5 2. Nf3 d6 3. d4 cxd4 4. Nxd4 Nf6 5. Nc3 a6 6. Nf3 e6 7. e5 dxe5 8.
Qxd8+ Kxd8 9. Nxe5 Ke7 10. Bc4 Nc6 11. Nxc6+ bxc6 12. O-O h6 13. Re1 g5 14. Be3
Bg7 15. Bc5+ Ke8 16. Bd4 Rg8 17. Rad1 Nd5 18. Bxg7 Nxc3 19. Bxc3 Bd7 20. Rd2
Ra7 21. Red1 a5 22. Bd3 Ke7 23. Bd4 Rb7 24. b3 Rd8 25. Ba6 Rbb8 26. Be5 Ra8 27.
Bc7 1-0

[Event "Tournoi Skype 027B"]
[Site "Skype"]
[Date "????.??.??"]
[Round "6.15"]
[White "Felippe E Silva, Glenda"]
[Black "Conde, Ramon"]
[Result "1-0"]
[WhiteElo "1309"]
[BlackElo "1000"]
[PlyCount "65"]

1. d4 d5 2. Nf3 Nf6 3. Bf4 e6 4. h3 Be7 5. e3 O-O 6. Bd3 Bd7 7. O-O a6 8. Nbd2
Bb5 9. c4 Bxc4 10. Nxc4 dxc4 11. Bxc4 c5 12. a3 Nbd7 13. Bg5 Rc8 14. Bxf6 Bxf6
15. Qb3 Re8 16. d5 Nb6 17. Rab1 exd5 18. Be2 c4 19. Qc2 Qd7 20. Rfd1 Rc5 21. b4
Rc6 22. Nd4 Bxd4 23. Rxd4 f5 24. Bf3 Rcc8 25. Rf4 Qf7 26. Rxf5 Qg6 27. Rb2 Re5
28. Rxe5 Qxc2 29. Rxc2 Kh8 30. Bxd5 Nxd5 31. Rxd5 c3 32. Rc5 Rxc5 33. bxc5 1-0

[Event "Tournoi Skype 027B"]
[Site "Skype"]
[Date "????.??.??"]
[Round "6.16"]
[White "Florez Beltran, Leidy Lucila"]
[Black "Franca, Diego"]
[Result "1-0"]
[WhiteElo "1000"]
[BlackElo "1307"]
[PlyCount "61"]

1. e4 c6 2. d4 d5 3. Nc3 dxe4 4. Nxe4 Bf5 5. Nc3 Nf6 6. Bc4 e6 7. Nf3 Bd6 8.
O-O O-O 9. Re1 b5 10. Bb3 Re8 11. Ne5 a5 12. a3 Qb6 13. Bg5 Nbd7 14. Nxd7 Nxd7
15. Ne4 Bxe4 16. Rxe4 Qb8 17. Qh5 g6 18. Qh6 Bf8 19. Qh3 c5 20. Rh4 h5 21. g4
Be7 22. Bxe7 Rxe7 23. gxh5 g5 24. Rg4 f6 25. f4 c4 26. fxg5 fxg5 27. Rxg5+ Rg7
28. Qxe6+ Kf8 29. Rf1+ Nf6 30. Rxf6+ Rf7 31. Qxf7# 1-0

[Event "Tournoi Skype 027B"]
[Site "Skype"]
[Date "????.??.??"]
[Round "6.17"]
[White "Pourtahmasbi, Ednun"]
[Black "Martinez, Danny"]
[Result "0-1"]
[WhiteElo "1305"]
[BlackElo "1000"]
[PlyCount "98"]

1. e4 e5 2. Nf3 Nc6 3. Bb5 Nf6 4. Nc3 Be7 5. d3 O-O 6. Bg5 a6 7. Bxc6 dxc6 8.
Qd2 h6 9. Bh4 Qd6 10. Bg3 Be6 11. Nxe5 Nd7 12. Nxf7 Qd4 13. Nxh6+ gxh6 14. Qxh6
Qf6 15. Qe3 Kf7 16. Bxc7 Ke8 17. Bg3 Bc5 18. d4 Qxd4 19. Qxd4 Bxd4 20. O-O-O
Be5 21. f4 Bxf4+ 22. Bxf4 Rxf4 23. Rd6 Bc4 24. Rhd1 Rf1 25. Rxd7 Rxd1+ 26. Rxd1
Rd8 27. Re1 Kd7 28. e5 Be6 29. Ne4 Kc7 30. b3 Bd5 31. Ng5 Re8 32. e6 Bxg2 33.
e7 Kd7 34. h4 Rxe7 35. Rxe7+ Kxe7 36. h5 Kf6 37. Nh7+ Kg7 38. Ng5 Kh6 39. Nf7+
Kxh5 40. Kd2 Be4 41. Nd6 Bh7 42. Nxb7 Kg5 43. c4 Kf4 44. Kc3 Ke5 45. b4 Bf5 46.
b5 axb5 47. cxb5 cxb5 48. Kb4 Bd7 49. Nd6 Kxd6 0-1

[Event "Tournoi Skype 027B"]
[Site "Skype"]
[Date "????.??.??"]
[Round "6.18"]
[White "Hernandez Lopez, Joaquin"]
[Black "More, Sanskruti"]
[Result "0-1"]
[WhiteElo "1300"]
[BlackElo "1000"]
[PlyCount "40"]

1. d4 Nf6 2. Bf4 c5 3. e3 e6 4. c4 Nc6 5. Nf3 Qb6 6. b3 cxd4 7. exd4 Qb4+ 8.
Qd2 d5 9. c5 Ne4 10. Qxb4 Nxb4 11. Bb5+ Bd7 12. Bxd7+ Kxd7 13. Na3 Nd3+ 14. Ke2
Nxf4+ 15. Ke3 Nxg2+ 16. Ke2 f6 17. Rhg1 Nf4+ 18. Ke3 e5 19. dxe5 Nh3 20. Rg2
Bxc5+ 0-1

[Event "Tournoi Skype 027B"]
[Site "Skype"]
[Date "????.??.??"]
[Round "6.19"]
[White "Hargez, Dany"]
[Black "Mhabdi, Mahesh"]
[Result "0-1"]
[WhiteElo "1177"]
[BlackElo "1296"]
[PlyCount "80"]

1. e4 e5 2. d4 exd4 3. Nf3 Nc6 4. Bc4 Bc5 5. Ng5 Ne5 6. c3 Nxc4 7. cxd4 Bb4+ 8.
Nc3 Bxc3+ 9. bxc3 d6 10. O-O Nf6 11. d5 h6 12. Nf3 Qe7 13. Qd4 Nb6 14. e5 dxe5
15. Nxe5 Nbxd5 16. Nf3 c5 17. Qh4 Nxc3 18. Re1 Ne2+ 19. Kf1 g5 20. Qc4 Be6 21.
Qxe2 a6 22. Bb2 O-O 23. h4 g4 24. Nh2 Rfe8 25. Bxf6 Qxf6 26. g3 b5 27. Nxg4
Bxg4 28. Qxg4+ Kf8 29. Qd1 Qc6 30. Kg1 Rad8 31. Qh5 Rxe1+ 32. Rxe1 c4 33. Qe2
Re8 34. Qd1 Rxe1+ 35. Qxe1 c3 36. Qe3 c2 37. Qa3+ Kg7 38. Qc1 b4 39. Kf1 Qh1+
40. Ke2 Qxc1 0-1

[Event "Tournoi Skype 027B"]
[Site "Skype"]
[Date "????.??.??"]
[Round "6.21"]
[White "Vincent, Andre"]
[Black "Baker, Abi"]
[Result "1/2-1/2"]
[WhiteElo "1328"]
[BlackElo "1181"]
[PlyCount "61"]

1. d4 d5 2. Bf4 f6 3. Nf3 e5 4. dxe5 fxe5 5. Bxe5 Nc6 6. e3 Qe7 7. Bxc7 Qxc7 8.
Qxd5 Nge7 9. Qd1 g6 10. Bb5 Qa5+ 11. Nc3 Bg7 12. Nd4 O-O 13. O-O a6 14. Bc4+
Kh8 15. Nxc6 Nxc6 16. Qe1 Qg5 17. Ne4 Qg4 18. Nd6 Bf5 19. h3 Qg5 20. f4 Qh5 21.
Qg3 Rf6 22. Nf7+ Kg8 23. Nh6+ Kf8 24. Ng4 Rd6 25. c3 b5 26. Be2 Rd2 27. Bf3
Rxb2 28. Bxc6 Rc8 29. Bf3 Bxc3 30. Ne5 Qh6 31. Rad1 1/2-1/2

[Event "Tournoi Skype 027B"]
[Site "Skype"]
[Date "????.??.??"]
[Round "6.22"]
[White "De Fazio, Monica"]
[Black "Le Bouill, Pierre"]
[Result "0-1"]
[WhiteElo "1125"]
[BlackElo "1308"]
[PlyCount "70"]

1. e4 e5 2. Nf3 Nc6 3. Bc4 h6 4. O-O Nf6 5. d3 Bc5 6. h3 d6 7. Nc3 a6 8. a4 Be6
9. Bxe6 fxe6 10. Re1 O-O 11. Be3 Bxe3 12. Rxe3 Qd7 13. d4 exd4 14. Nxd4 Nxd4
15. Qxd4 e5 16. Qc4+ Qf7 17. Qb4 c5 18. Qb6 Nd7 19. Qc7 Qxf2+ 20. Kh1 Qxe3 21.
Qxd7 Qg5 22. Kh2 Rf2 23. Rg1 Qf4+ 24. Kh1 Qf7 25. Qxd6 Rxc2 26. Nd1 Qf6 27. Qd3
Rf2 28. Nxf2 Qxf2 29. Rf1 Qxb2 30. Qd5+ Kh7 31. Qxc5 Qe2 32. Rf8 Rxf8 33. Qxf8
Qxe4 34. Qf3 Qxf3 35. gxf3 b5 0-1

[Event "Tournoi Skype 027B"]
[Site "Skype"]
[Date "????.??.??"]
[Round "6.23"]
[White "Rivalta, Paolo"]
[Black "Erten, Ozlem"]
[Result "0-1"]
[WhiteElo "1095"]
[BlackElo "1288"]
[PlyCount "44"]

1. e4 c6 2. Nf3 d5 3. d3 dxe4 4. Nh4 exd3 5. Bxd3 e6 6. Nf3 Nf6 7. Bf4 Qb6 8.
b3 Bc5 9. O-O Ng4 10. Be3 Bxe3 11. fxe3 Nxe3 12. Qe2 Nxf1+ 13. Kxf1 O-O 14.
Bxh7+ Kxh7 15. Ng5+ Kg6 16. h4 Qd8 17. Nc3 Qf6+ 18. Nf3 Qxc3 19. Ne5+ Kf6 20.
Ng4+ Ke7 21. Re1 b6 22. Ne5 Ba6 0-1

[Event "Tournoi Skype 027B"]
[Site "Skype"]
[Date "????.??.??"]
[Round "6.25"]
[White "Milanese, Serge"]
[Black "Yanez, Leticia Jorgelina"]
[Result "1-0"]
[WhiteElo "1277"]
[BlackElo "1073"]
[PlyCount "25"]

1. d4 Nf6 2. Bf4 d5 3. e3 e6 4. Nf3 c5 5. c3 Nc6 6. Bd3 Bd6 7. Bg3 O-O 8. Nbd2
b6 9. Ne5 Bb7 10. f4 Qc7 11. O-O Nd7 12. Qh5 f6 13. Qxh7# 1-0

[Event "Tournoi Skype 027B"]
[Site "Skype"]
[Date "????.??.??"]
[Round "6.26"]
[White "Ruiz Aguilera, Juan Jesus"]
[Black "Torres, Vicky"]
[Result "1/2-1/2"]
[WhiteElo "1083"]
[BlackElo "1256"]
[PlyCount "83"]

1. e4 e5 2. Nf3 Nf6 3. d4 exd4 4. Nxd4 c5 5. Nf3 Nxe4 6. c4 Nf6 7. Bf4 d5 8.
cxd5 Nxd5 9. Be3 Nxe3 10. fxe3 Qxd1+ 11. Kxd1 Be7 12. Nc3 O-O 13. Nd5 Nc6 14.
Bb5 Rd8 15. e4 Bf6 16. Kc2 Nd4+ 17. Nxd4 Bxd4 18. Rad1 Bg4 19. Rd2 Kf8 20. h3
Bh5 21. b4 Bg6 22. Nc3 cxb4 23. Rhd1 Bb6 24. Rxd8+ Bxd8 25. Nd5 Bxe4+ 26. Kb3
Bxd5+ 27. Rxd5 Be7 28. Rd7 a6 29. Bd3 b5 30. Be4 Rc8 31. Bb7 Rc3+ 32. Kb2 a5
33. Ba6 Rc5 34. Rb7 f6 35. Bxb5 Kf7 36. Kb3 h5 37. Bc4+ Ke8 38. Bb5+ Kf7 39.
Bc4+ Ke8 40. Bb5+ Kf8 41. Bc4 Ke8 42. Bb5+ 1/2-1/2

[Event "Tournoi Skype 027B"]
[Site "Skype"]
[Date "????.??.??"]
[Round "6.27"]
[White "Reese, Evan"]
[Black "Maalik, Aakash"]
[Result "0-1"]
[WhiteElo "1235"]
[BlackElo "1000"]
[PlyCount "72"]

1. e4 e6 2. Nc3 d5 3. Nf3 d4 4. Nb5 c5 5. c3 d3 6. b3 Bd7 7. Bxd3 Bxb5 8. Bxb5+
Nd7 9. O-O a6 10. Be2 Ne7 11. Bb2 Nc6 12. d4 cxd4 13. cxd4 Be7 14. Qd2 O-O 15.
Qf4 Bf6 16. Rad1 Qe8 17. e5 Be7 18. Bd3 f5 19. exf6 Nxf6 20. Bc4 Nd5 21. Qe4
Qd7 22. Bd3 Nf6 23. Qh4 g6 24. d5 exd5 25. Ng5 Qg4 26. Qh6 Qh5 27. Qxh5 Nxh5
28. Be2 Bxg5 29. Rxd5 Bf6 30. Ba3 Rfe8 31. Bg4 Nf4 32. Rd6 Be7 33. Re6 Nxe6 34.
Bxe6+ Kg7 35. Bb2+ Bf6 36. Bc1 Rxe6 0-1

[Event "Tournoi Skype 027B"]
[Site "Skype"]
[Date "????.??.??"]
[Round "6.28"]
[White "Ryan, Lea"]
[Black "Barba Cepeda, Julio Cesar"]
[Result "1/2-1/2"]
[WhiteElo "1371"]
[BlackElo "1000"]
[PlyCount "49"]

1. d4 d5 2. Bf4 Nf6 3. Nf3 Bg4 4. e3 e6 5. h3 Bh5 6. Bd3 Nbd7 7. Nbd2 Be7 8.
O-O O-O 9. Re1 Nb6 10. e4 Bd6 11. Bxd6 Qxd6 12. e5 Qe7 13. exf6 Qxf6 14. c3
Rae8 15. Qc2 Bg6 16. Re5 Bxd3 17. Qxd3 h6 18. g4 Nd7 19. g5 hxg5 20. Rxg5 e5
21. dxe5 Nxe5 22. Qxd5 Nxf3+ 23. Nxf3 c6 24. Qd3 Rd8 25. Qe4 1/2-1/2

[Event "Tournoi Skype 027B"]
[Site "Skype"]
[Date "????.??.??"]
[Round "6.29"]
[White "Vervoort, Jean-Louis"]
[Black "Lopez, Marco"]
[Result "1-0"]
[WhiteElo "1180"]
[BlackElo "1405"]
[PlyCount "61"]

1. d4 Nf6 2. Bf4 e6 3. c3 b6 4. e3 d5 5. Nf3 Ba6 6. Bxa6 Nxa6 7. Nbd2 c5 8. O-O
Be7 9. Ne5 Nb8 10. Qf3 O-O 11. Bg5 cxd4 12. cxd4 h6 13. Bxf6 Bxf6 14. Ng4 Nd7
15. Rac1 Rc8 16. Rxc8 Qxc8 17. Qg3 Bg5 18. h4 Qb8 19. Qxb8 Rxb8 20. hxg5 hxg5
21. Nf3 f6 22. g3 Rc8 23. Kg2 Rc2 24. Rb1 b5 25. a3 Nb6 26. b4 Ra2 27. Rb3 Nc4
28. Kh3 Nxa3 29. Rc3 Nc4 30. Ne1 Rxf2 31. Nxf2 1-0